LEADER 00982nam0 2200277 450 001 000040242 005 20150225160101.0 010 $a978-0-19-964627-2 100 $a20150121d2013----km-y0itaa50------ba 101 0 $aeng 102 $aGB 200 1 $aMedieval Amalfi and its diaspora, 800-1250$fPatricia Skinner 210 $aOxford$cOxford University Press$d2013 215 $aXIX, 280 p.$d24 cm. 607 $aAmalfi$xStoria$z800-1250 676 $a945.7423$v(22. ed.)$9Storia di Amalfi 700 1$aSkinner,$bPatricia$0164915 801 0$aIT$bUniversità della Basilicata - B.I.A.$gREICAT$2unimarc 912 $a000040242 996 $aMedieval Amalfi and its diaspora, 800-1250$9105492 997 $aUNIBAS BAS $aLETTERE CAT $aEXT017$b01$c20150121$lBAS01$h1239 CAT $aMDL$b30$c20150225$lBAS01$h1601 FMT Z30 -1$lBAS01$LBAS01$mBOOK$1BASA1$APolo Storico-Umanistico$2DID$BDidattica$3FM/113311$6113311$5L113311$820150121$f04$FPrestabile Didattica